ბათუმის შოთა რუსთაველის სახელმწიფო უნივერსიტეტის ბიბლიოთეკა

Метрология средства и методы контроля качества в строительстве. (ბიბ.ჩანაწერი № 42590)

000 -LEADER
fixed length control field 00766nam a2200217Ia 4500
001 - CONTROL NUMBER
control field 9293
003 - CONTROL NUMBER IDENTIFIER
control field GE_BSU
008 - FIXED-LENGTH DATA ELEMENTS--GENERAL INFORMATION
fixed length control field 181216s||||||||xx |||||||||||||| ||und||
040 ## - CATALOGING SOURCE
Transcribing agency GE_BSU
080 ## - UNIVERSAL DECIMAL CLASSIFICATION NUMBER
Universal Decimal Classification number 69.05(035.5)
100 ## - MAIN ENTRY--PERSONAL NAME
Personal name Лифанов,И.С. Шерстюков,Н.Г.
245 ## - TITLE STATEMENT
Title Метрология средства и методы контроля качества в строительстве.
245 ## - TITLE STATEMENT
Remainder of title Справ. пособие.
245 ## - TITLE STATEMENT
Statement of responsibility, etc. Ред. И.Г.Захаров.
260 ## - PUBLICATION, DISTRIBUTION, ETC.
Place of publication, distribution, etc. М.
260 ## - PUBLICATION, DISTRIBUTION, ETC.
Name of publisher, distributor, etc. Стройиздат.
260 ## - PUBLICATION, DISTRIBUTION, ETC.
Date of publication, distribution, etc. 1979.
300 ## - PHYSICAL DESCRIPTION
Extent 223 стр.с илл. 20 см.
653 ## - INDEX TERM--UNCONTROLLED
Uncontrolled term Метрология средства и методы контроля качества в строительстве.
942 ## - ADDED ENTRY ELEMENTS (KOHA)
Koha item type წიგნი
ეგზემპლარები
Withdrawn status Lost status Damaged status Not for loan Date acquired Barcode Date last seen Price effective from Koha item type
        2018-12-17 10010 2018-12-17 2018-12-17 წიგნი